Drogová nezávislosť alebo ako sa nestať toxikomanom

Saved in:
Bibliographic Details
Main Author: Podhradský, Ján
Other Authors: Komárik, Emil
Format: Book
Language:Slovak
Published: Bratislava Slovenské pedagogické nakladateľstvo 1990
Subjects:
Tags: Add Tag
No Tags, Be the first to tag this record!

MARC

LEADER 00000nam a2200000 4500
001 c103152
005 20221123135240.4
020 |a 80-08-01145-9 
041 0 |a slo 
044 |a SK 
245 1 0 |a Drogová nezávislosť alebo ako sa nestať toxikomanom  |c Ján Podhradský, Emil Komárik 
264 1 |a Bratislava  |b Slovenské pedagogické nakladateľstvo  |c 1990 
300 |a 92 s. 
610 2 0 |a problémy spoločenské 
610 2 0 |a drogy 
610 2 0 |a ochrana zdravia 
610 2 0 |a látky chemické 
610 2 0 |a toxikológia 
610 2 0 |a toxikománia 
610 2 0 |a poradenstvo 
610 2 0 |a prevencia 
100 1 |a Podhradský, Ján 
700 1 |a Komárik, Emil